00265nam a2200121Ia 4500008004100000041000800041082001200049100001600061245000900077260003800086300001200124365000700136240624s9999 xx 000 0 und d aeng a954 ZIN aZINN HOWARD aBOMB c2010aNew YorkbCity Lights Books a91 : p. cRS